01471cam a2200373 a 4500952013500000999001700135001000900152003000900161005001700170008004100187010001700228020001500245025002400260037006300284040002800347042001000375043001200385050002600397082001900423100002800442245008900470250001200559260011800571300004900689504004900738520004300787651004500830651007400875700002400949710004400973830002301017906004501040942001201085 00102ddc40708NFICaASLbASLcGENd2021-06-29eComplimentaryl0o930.1549 HOPp110024r2021-06-29 00:00:00tC-1w2021-06-29yBK c25286d2528614376403BDDh-ASL20231015030454.0060515s2004 bg ab b f000 0 eng  a 2006561392 a9843115422 aB-E-2006-561392; 06 bLibrary of Congress -- New Delhi Overseas OfficecTk120.00 aDLCcDLCdDLCdBDDh-ASL alcode aa-bg---00aDS396.9.P35bH67 2004 a930.1549bHOP 1 aHossain, Md. Mosharraf.10aPaharpur :bthe world cultural heritage /cMd. Mosharraf Hossain, Md. Shafiqul Alam. a1st ed. aDhaka :bDept. of Archaeology, Ministry of Cultural Affairs, Govt. of the People's Republic of Bangladesh,c2004. aix, 33 p. :bill., some col., maps ;c25 cm. aIncludes bibliographical references (p. 30). aArticles with reference to Bangladesh. 0aPaharpur Site (Bangladesh)xAntiquities. 0aPaharpur Site (Bangladesh)xAntiquitiesxCollection and preservation.1 aAlam, Md. Shafiqul.1 aBangladesh.bDepartment of Archaeology. 0aB.A. series ;v27. a7bcbccorigoded3encipf20gy-gencatlg 2ddccBK